| 000 | 00536nam a22002057a 4500 | ||
|---|---|---|---|
| 003 | koha_MIRAKIL | ||
| 005 | 20231213100051.0 | ||
| 008 | 231213b |||||||| |||| 00| 0 ||| d | ||
| 020 | _b978-0-329-64959-3 (Follett bdg.) | ||
| 040 |
_aTR-IsEVY _btur _cTR-IsEVY |
||
| 082 | _a420 WİL/H | ||
| 100 | _aWilson, Karma. | ||
| 245 | 0 | _aHilda must be dancing | |
| 250 | _a1st Aladdin Paperbacks ed. | ||
| 260 |
_bAladdin Paperbacks, _c2008 |
||
| 300 | _a[32] p. | ||
| 650 | _aDance | ||
| 650 | _aDance -- Fiction. | ||
| 942 |
_2ddc _cBK |
||
| 999 |
_c13973 _d13973 |
||